[Event "Edmonton op05a"]
[Site "Edmonton"]
[Date "2003.05.08"]
[Round "2"]
[White "Storoschuk, Kevin"]
[Black "Wihnon, Jason"]
[Result "0-1"]
[WhiteElo "1641"]
[BlackElo "1796"]
[PlyCount "52"]
[EventDate "2003.05.01"]
[EventType "swiss"]
[EventRounds "5"]
[EventCountry "CAN"]
[SourceTitle "EXT 2008"]
[Source "ChessBase"]
[SourceDate "2007.11.25"]
[SourceVersion "1"]
[SourceVersionDate "2007.11.25"]
[SourceQuality "1"]

1. e4 c5 2. Nf3 Nc6 3. d4 cxd4 4. Nxd4 g6 5. Be3 Bg7 6. Bc4 Nf6 7. f3 0-0 8. Qd2 d5 9. Bxd5 Nxd5 10. exd5 Qxd5 11. c3 Be6 12. Nxe6 Qxe6 13. 0-0 Rfd8 14. Qc1 Rd3 15. Re1 Rad8 16. Na3 Qf5 17. Nc4 Qe6 18. Na3 Qf5 19. Nc4 Qh5 20. Nd2 Be5 21. f4 Bc7 22. Nf3 Rxe3 23. Qxe3 Bb6 24. Nd4 Nxd4 25. Kh1 Nc2 26. Qxe7 Nxa1 0-1